02672cam a22002534a 4500020002300000041000800023082001300031100002600044245003100070260003900101300002600140505186500166650001902031650001402050650002802064700002702092700002502119700002302144856005802167856006802225942000702293952010102300999001702401 a159385188X (cloth) aENG00a100bBAR aBarrett, Lisa Feldman00aEmotion and consciousness  aNew York :bGuilford Press,c2005. axii, 420 p. :bill. ;0 aIntroductory chapter / Lisa Feldman Barrett, Paula Niedenthal, & Piotr Winkielman -- Cognition and emotion -- Embodiment in the acquisition and use of emotion knowledge / Paula M. Niedenthal, Lawrence W. Barsalou, François Ric & Silvia Krauth-Gruber -- The interaction of emotion and cognition: insights from studies of the human amygdala / Elizabeth A. Phelps -- Affect and the resolution of cognitive control dilemmas / Jeremy R. Gray, Alexandre Schaefer, Tood S. Braver & Steven B. Most -- Unconscious emotional processing : perception of visual stimuli -- Caught by the evil eye : nonconscious information processing, emotion, and attention to facial stimuli / Daniel Lundqvist & Arne Öhman -- Nonconscious emotions : new findings and perspectives on nonconscious facial expression recognition and their contents / Beatrice deGelder -- Visual emotion perception : mechanisms and processes / Anthony P. Atkinson & Ralph Adolphs -- Emotional behavior -- Conscious and unconscious emotion in nonlinguistic vocal communication / Michael J. Owren, Drew Rendell & Jo Anne Bachorowski -- Behavior systems and the contextual control of anxiety, fear, and panic / Mark E. Bouton -- The conscious experience of emotion -- Emotion experience and the indeterminacy of valence / Louis C. Charland -- The experience of emotion / Lisa Feldman Barrett -- Perspectives on the conscious-unconscious debate -- Emotion processes considered from the perspective of dual-process models / Eliot R. Smith & Roland Neumann -- Unconscious processes in emotion : the bulk of the iceberg / Klaus Scherer -- Emotion, behavior, and conscious experience / Piotr Winkielman, Kent Berridge & Julie Wilbarger -- Emotions, embodiment, and awareness / Jesse J. Prinz -- The seven deadly sins of research on affect / Gerald L. Clore, Justin Storbeck, Michael D. Robinson & David Centerbar. 0aConsciousness. 0aEmotions. 0aEmotions and cognition.1 aBarrett, Lisa Feldman.1 aNiedenthal, Paula M.1 aWinkielman, Piotr.41uhttp://www.loc.gov/catdir/toc/ecip056/2005001276.html42uhttp://www.loc.gov/catdir/enhancements/fy0621/2005001276-b.html cBK 00104070aHMIbHMIcGENd2019-10-09l1o100 BARp25616r2019-11-08s2019-11-05w2019-10-09yBK c22737d22737